[Event "V Open Natale Vomero"]
[Site "Napoli ITA"]
[Date "2009.11.26"]
[Round "4"]
[White "Pinto, Gaetano"]
[Black "Longobardi, Giuseppe"]
[Result "0-1"]
[WhiteElo "2049"]
[BlackElo "1985"]
[PlyCount "78"]
[EventDate "2009.11.05"]

1. d4 Nf6 2. Nf3 b6 3. Nbd2 Bb7 4. e3 e6 5. Bd3 c5 6. c3 d5 7. O-O Nbd7 8. Re1
Bd6 9. e4 dxe4 10. Nxe4 Nxe4 11. Bxe4 Bxe4 12. Rxe4 Qc7 13. Bg5 Nf6 14. Qa4+
Qd7 15. Qxd7+ Kxd7 16. Bxf6 gxf6 17. dxc5 Bxc5 18. Rd1+ Kc7 19. Kf1 Rad8 20.
Rxd8 Kxd8 21. Ke2 Rg8 22. Ne1 Rg5 23. f4 Rd5 24. b4 Bf8 25. Nf3 b5 26. Rd4 Rxd4
27. Nxd4 a6 28. Kd3 Kc7 29. a3 Kd6 30. c4 bxc4+ 31. Kxc4 e5 32. Nf5+ Ke6 33. g4
h5 34. h3 hxg4 35. hxg4 exf4 36. a4 f3 37. b5 axb5+ 38. Kxb5 Ke5 39. a5 Kf4 0-1

[Event "V Open Natale Vomero"]
[Site "Napoli ITA"]
[Date "2009.11.26"]
[Round "4"]
[White "Seletsky, Grigory"]
[Black "Rosato, Luciano"]
[Result "1-0"]
[WhiteElo "2345"]
[BlackElo "2275"]
[PlyCount "71"]
[EventDate "2009.11.05"]

1. e4 c5 2. Nf3 Nf6 3. Nc3 Nc6 4. d4 d5 5. exd5 Nxd5 6. Ne4 cxd4 7. Nxd4 e5 8.
Nxc6 bxc6 9. c4 Nb6 10. Qxd8+ Kxd8 11. Bd2 Bf5 12. Ng3 Be6 13. Ba5 Ke8 14. b3
Bc5 15. Bd3 Bd4 16. Rd1 g6 17. Ne2 c5 18. Nxd4 cxd4 19. f4 f6 20. O-O Rf8 21.
fxe5 fxe5 22. Rde1 Nd7 23. Bc7 Ke7 24. Bxe5 Nxe5 25. Rxe5 Rad8 26. Rfe1 Rf6 27.
c5 Rc8 28. Bc4 Rc6 29. Bxe6 Rfxe6 30. Rxe6+ Rxe6 31. Kf2 a5 32. a3 Kd7 33. Rxe6
Kxe6 34. Ke2 Kd5 35. b4 Kc4 36. c6 1-0

[Event "V Open Natale Vomero"]
[Site "Napoli ITA"]
[Date "2009.11.26"]
[Round "4"]
[White "Solombrino, Giovanni"]
[Black "Franco, Vincenzo"]
[Result "1-0"]
[WhiteElo "1915"]
[BlackElo "1835"]
[PlyCount "126"]
[EventDate "2009.11.05"]

1. e4 e5 2. Nf3 Nc6 3. d4 exd4 4. Nxd4 Bc5 5. Be3 Qf6 6. c3 Nge7 7. Qd2 d6 8.
Nb5 Bxe3 9. Qxe3 O-O 10. Nxc7 Rb8 11. Bc4 Qg6 12. O-O Ne5 13. Nd5 N7c6 14. Nd2
Re8 15. Bb3 h5 16. Qg3 Qh6 17. Nf3 Bg4 18. Nxe5 Nxe5 19. f3 Bd7 20. Rad1 Bb5
21. Nc7 Bxf1 22. Nxe8 h4 23. Qxg7+ Qxg7 24. Nxg7 Be2 25. Re1 Bxf3 26. Nf5 Bg4
27. Nxh4 Kf8 28. h3 Bd7 29. Nf5 Bxf5 30. exf5 f6 31. Re4 Kg7 32. Re3 Rd8 33.
Rg3+ Kh7 34. Bd1 Kh6 35. Bf3 b6 36. Bd5 Kh7 37. c4 Rc8 38. Ra3 Rc7 39. Rc3 Re7
40. Kf2 Rc7 41. g4 Kh6 42. Kg3 Rg7 43. b4 Kh7 44. c5 bxc5 45. bxc5 dxc5 46.
Rxc5 Rd7 47. Bc4 Rd1 48. Rc7+ Kh8 49. Rc8+ Kg7 50. Rc7+ Kh8 51. Bb3 Rd3+ 52.
Kf4 Rxh3 53. Rc8+ Kh7 54. Rc7+ Kh6 55. g5+ fxg5+ 56. Kxe5 g4 57. f6 g3 58. Bd5
Rh2 59. Rc8 Rf2 60. f7 Re2+ 61. Be4 g2 62. f8=Q+ Kg5 63. Qf4+ Kh5 1-0

[Event "V Open Natale Vomero"]
[Site "Napoli ITA"]
[Date "2009.11.26"]
[Round "4"]
[White "Tomarchio, Lucio"]
[Black "Morace, Vitaliano"]
[Result "0-1"]
[WhiteElo "1428"]
[BlackElo "1592"]
[PlyCount "54"]
[EventDate "2009.11.05"]

1. c4 e6 2. d4 Nf6 3. Nc3 Bb4 4. a3 Bxc3+ 5. bxc3 O-O 6. Nf3 d5 7. e3 Nbd7 8.
Bd3 Qe7 9. a4 e5 10. Ba3 c5 11. Nxe5 Nxe5 12. Bxc5 Qc7 13. dxe5 Qxe5 14. Bd4
Qg5 15. O-O Bg4 16. Bxf6 gxf6 17. Qc2 Kh8 18. cxd5 Rad8 19. c4 h5 20. Rab1 Bh3
21. Be4 f5 22. Kh1 fxe4 23. gxh3 Qf5 24. Rg1 Qf3+ 25. Rg2 Rg8 26. Rbg1 Rxg2 27.
Rxg2 Rg8 0-1

[Event "V Open Natale Vomero"]
[Site "Napoli ITA"]
[Date "2009.11.26"]
[Round "4"]
[White "Zinnai, Graziano Matteo"]
[Black "De Meo, Guido"]
[Result "0-1"]
[WhiteElo "1620"]
[BlackElo "1911"]
[PlyCount "144"]
[EventDate "2009.11.05"]

1. e4 c5 2. Nf3 d6 3. d3 Nc6 4. Be2 f5 5. Nbd2 Nf6 6. O-O g6 7. c3 Bg7 8. Qc2
O-O 9. a3 Be6 10. b4 Rc8 11. Ng5 Qd7 12. Rb1 cxb4 13. axb4 fxe4 14. Ndxe4 Nd4
15. Qd2 Nxe4 16. Nxe4 Nxe2+ 17. Qxe2 Bxc3 18. Nxc3 Rxc3 19. Re1 Bd5 20. Bb2 Rc7
21. Ra1 a6 22. h3 e5 23. Rac1 Rxc1 24. Rxc1 Bc6 25. Qc2 Qe6 26. Rd1 Qd5 27. Qc4
Rf7 28. Qxd5 Bxd5 29. Re1 Rc7 30. Rc1 Bc6 31. d4 exd4 32. Bxd4 Re7 33. f3 Kf7
34. Kf2 Re8 35. Re1 Ra8 36. Bb6 Re8 37. Rxe8 Kxe8 38. Ke3 Kd7 39. Bd4 Bd5 40.
g3 Kc6 41. f4 Kb5 42. Bc3 Kc4 43. Bd2 Bg2 44. h4 d5 45. Kf2 Be4 46. Ke3 Bf5 47.
Ke2 d4 48. Kd1 Kb5 49. Kc1 b6 50. Kb2 a5 51. bxa5 bxa5 52. Kb3 Be6+ 53. Ka3 a4
54. Bb4 Bb3 55. Be1 Kc4 56. Kb2 Kd3 57. Bf2 Ke4 58. g4 d3 59. Kc3 Bc2 60. f5
gxf5 61. gxf5 Kxf5 62. Be1 Ke4 63. Bd2 Kf3 64. Be1 Ke2 65. Bd2 Kd1 66. Bg5 a3
67. h5 Ke2 68. h6 a2 69. Kb2 Bb1 70. Bf4 d2 71. Bxd2 Kxd2 72. Ka1 Ke3 0-1

[Event "V Open Natale Vomero"]
[Site "Napoli ITA"]
[Date "2009.12.03"]
[Round "5"]
[White "Borrelli, Salvatore"]
[Black "Accardo, Francesco"]
[Result "1-0"]
[WhiteElo "1945"]
[BlackElo "1869"]
[PlyCount "93"]
[EventDate "2009.11.05"]

1. e4 c5 2. Nf3 d6 3. d4 cxd4 4. Nxd4 Nf6 5. Nc3 a6 6. f4 b5 7. Be2 Bb7 8. Bf3
Nbd7 9. O-O b4 10. Nd5 a5 11. c4 Rc8 12. Qe2 e6 13. Nxf6+ gxf6 14. Nb5 h5 15.
Be3 Nc5 16. Bf2 Qb6 17. Nd4 a4 18. b3 a3 19. f5 e5 20. Nc2 Bh6 21. Ne3 Bxe3 22.
Bxe3 Qc6 23. Bd2 Na6 24. Rfe1 h4 25. Bg4 Ke7 26. Bf3 Qc7 27. Be3 Bc6 28. Rac1
Qb7 29. c5 Rhd8 30. cxd6+ Rxd6 31. Qf2 Rcd8 32. Be2 Bb5 33. Bc4 h3 34. g3 Bxc4
35. Rxc4 Rd1 36. Rc1 Rxe1+ 37. Rxe1 Qc6 38. Qf1 Qc2 39. Qf2 Rc8 40. Qe2 Rc3 41.
Kf2 Qb2 42. Rd1 Nc5 43. Bxc5+ Rxc5 44. Rd2 Qb1 45. Qa6 Rc2 46. Qd6+ Ke8 47.
Qd8# 1-0

[Event "V Open Natale Vomero"]
[Site "Napoli ITA"]
[Date "2009.12.03"]
[Round "5"]
[White "Capaldo, Salvatore"]
[Black "Tomarchio, Lucio"]
[Result "0-1"]
[WhiteElo "1696"]
[BlackElo "1428"]
[PlyCount "48"]
[EventDate "2009.11.05"]

1. e4 c5 2. Nf3 e6 3. c3 Qc7 4. d4 cxd4 5. Nxd4 a6 6. Be3 Nf6 7. Nd2 Be7 8. f4
d6 9. Be2 O-O 10. O-O b5 11. Bf3 Bb7 12. Rc1 Nbd7 13. Qe2 Nc5 14. Bf2 d5 15. e5
Nfe4 16. Be1 Rac8 17. b4 Nxd2 18. Bxd2 Ne4 19. Be1 Bxb4 20. Bxe4 dxe4 21. Kh1
Rfd8 22. Bg3 Rxd4 23. cxd4 Qxc1 24. Rxc1 Rxc1+ 0-1

[Event "V Open Natale Vomero"]
[Site "Napoli ITA"]
[Date "2009.12.03"]
[Round "5"]
[White "De Meo, Guido"]
[Black "Angelotti, Mario"]
[Result "0-1"]
[WhiteElo "1911"]
[BlackElo "1428"]
[PlyCount "76"]
[EventDate "2009.11.05"]

1. d4 Nf6 2. c4 c5 3. d5 d6 4. Nf3 b5 5. e3 bxc4 6. Bxc4 g6 7. Nc3 Bg7 8. O-O
O-O 9. e4 Nbd7 10. Bf4 Nb6 11. Be2 Nh5 12. Bg5 h6 13. Be3 f5 14. Nh4 Rf6 15.
Bxh5 gxh5 16. Qxh5 f4 17. Bc1 e5 18. dxe6 Bxe6 19. Rd1 Bf7 20. Qf3 Nc4 21. Nf5
Ne5 22. Qxf4 Rg6 23. Qd2 Nf3+ 24. Kf1 Nxd2+ 25. Bxd2 Bc4+ 26. Kg1 Kh7 27. Rac1
Rb8 28. b3 Be6 29. Bf4 Qf6 30. Rxd6 Rd8 31. Nd5 Qf8 32. Rxd8 Qxd8 33. Rxc5 Bxd5
34. Rxd5 Qf6 35. Be5 Qg5 36. g3 Qc1+ 37. Kg2 Qc2 38. Kf3 Bxe5 0-1

[Event "V Open Natale Vomero"]
[Site "Napoli ITA"]
[Date "2009.12.03"]
[Round "5"]
[White "De Rosa, Mariagrazia"]
[Black "Seletsky, Grigory"]
[Result "1/2-1/2"]
[WhiteElo "2082"]
[BlackElo "2345"]
[PlyCount "114"]
[EventDate "2009.11.05"]

1. e4 Nf6 2. e5 Nd5 3. d4 d6 4. Nf3 g6 5. Bc4 Nb6 6. Bb3 d5 7. Be3 Bg4 8. h3
Bxf3 9. Qxf3 e6 10. O-O N8d7 11. Nd2 Bg7 12. c4 dxc4 13. Bc2 Nd5 14. Nxc4 O-O
15. Be4 c6 16. Rfc1 N7b6 17. Na5 Qe7 18. Rab1 f6 19. exf6 Bxf6 20. Qg4 Nxe3 21.
fxe3 Nd5 22. Re1 Nxe3 23. Rxe3 Bxd4 24. Rbe1 Qb4 25. Qxe6+ Kh8 26. Kh1 Qxa5 27.
b4 Qxb4 28. Rb1 Qd2 29. Rxb7 Bg7 30. Qe7 Qd4 31. Bxc6 Rac8 32. Bf3 Rc1+ 33. Re1
Qa1 34. Rxc1 Qxc1+ 35. Kh2 Qf4+ 36. g3 Qe5 37. Bg2 Qxe7 38. Rxe7 Bd4 39. Rd7
Bb6 40. Rd2 h5 41. Be4 Rf6 42. Kg2 Kg7 43. Bf3 Re6 44. Re2 Rd6 45. Rc2 Rd3 46.
Be4 Re3 47. Bf3 Ra3 48. Bd5 Rd3 49. Bb3 g5 50. Rc4 Rd2+ 51. Kf3 Rf2+ 52. Ke4
Rh2 53. Kf5 Rxh3 54. Kxg5 Rxg3+ 55. Kxh5 Bd8 56. Rg4+ Rxg4 57. Kxg4 Bb6 1/2-1/2

[Event "V Open Natale Vomero"]
[Site "Napoli ITA"]
[Date "2009.12.03"]
[Round "5"]
[White "Esposito, Rosario"]
[Black "Pinto, Gaetano"]
[Result "1/2-1/2"]
[WhiteElo "1858"]
[BlackElo "2049"]
[PlyCount "61"]
[EventDate "2009.11.05"]

1. d4 d5 2. c4 c6 3. Nf3 Nf6 4. Nc3 e6 5. Bg5 dxc4 6. e4 b5 7. e5 h6 8. Bh4 g5
9. Nxg5 Nd5 10. Nf3 Qa5 11. Qd2 Bb4 12. Rc1 Nd7 13. Be2 Bb7 14. O-O c5 15. Qc2
Bxc3 16. bxc3 Nf4 17. Bg3 Nxe2+ 18. Qxe2 Bd5 19. Rfe1 cxd4 20. cxd4 Rc8 21. Rc2
Nb6 22. Nd2 b4 23. Ne4 Bxe4 24. Qxe4 Nd5 25. Rec1 Qb5 26. f4 c3 27. f5 Ne7 28.
fxe6 fxe6 29. Bh4 Qd5 30. Qg4 Kd7 31. Bxe7 1/2-1/2

[Event "V Open Natale Vomero"]
[Site "Napoli ITA"]
[Date "2009.12.03"]
[Round "5"]
[White "Franco, Vincenzo"]
[Black "Caiazzo, Diego"]
[Result "1-0"]
[WhiteElo "1835"]
[BlackElo "1874"]
[PlyCount "77"]
[EventDate "2009.11.05"]

1. e4 e5 2. Nf3 Nc6 3. Bc4 Bc5 4. b4 Bxb4 5. c3 Ba5 6. d4 d6 7. O-O Nf6 8. Qe2
O-O 9. Rd1 Qe8 10. Bg5 Bg4 11. Bxf6 gxf6 12. Qd2 Kh8 13. Qh6 Qe7 14. Nh4 Rg8
15. Rd3 Bd7 16. d5 Nb8 17. Nd2 Na6 18. Bxa6 bxa6 19. Nf1 f5 20. exf5 Qg5 21.
Qxg5 Rxg5 22. Ng3 Rg4 23. Nf3 Bb6 24. Nd2 Bb5 25. Rf3 Bc4 26. Nxc4 Rxc4 27. Re1
Rg8 28. Ne4 Rg7 29. Rh3 Ra4 30. Re2 Ra5 31. c4 Ra4 32. Rc2 Rb4 33. g3 Rb1+ 34.
Kg2 Rd1 35. Rh5 Rd3 36. f6 Rg6 37. Ng5 Rxf6 38. Nxh7 Rff3 39. Ng5+ 1-0

[Event "V Open Natale Vomero"]
[Site "Napoli ITA"]
[Date "2009.12.03"]
[Round "5"]
[White "Gallina, Giacomo"]
[Black "Khosravani, Afshin"]
[Result "1-0"]
[WhiteElo "1810"]
[BlackElo "1446"]
[PlyCount "37"]
[EventDate "2009.11.05"]

1. Nc3 d6 2. e4 Nf6 3. f4 g6 4. Bc4 Bg7 5. d3 O-O 6. Nf3 Nc6 7. a3 e5 8. f5
gxf5 9. exf5 Bxf5 10. O-O Ne7 11. Qe1 d5 12. Bb3 e4 13. Nh4 Bg6 14. Bg5 Ng4 15.
Qg3 Ne5 16. Nxd5 N5c6 17. Nxg6 fxg6 18. Nxe7+ Kh8 19. Nxg6+ 1-0

[Event "V Open Natale Vomero"]
[Site "Napoli ITA"]
[Date "2009.12.03"]
[Round "5"]
[White "Longobardi, Giuseppe"]
[Black "De Rosa, Francesco"]
[Result "1-0"]
[WhiteElo "1985"]
[BlackElo "1973"]
[PlyCount "65"]
[EventDate "2009.11.05"]

1. d4 d5 2. c4 c6 3. e3 Nf6 4. Nc3 e6 5. Nf3 Nbd7 6. Bd3 dxc4 7. Bxc4 b5 8. Bd3
Qc7 9. e4 a6 10. O-O Bb7 11. e5 Ng8 12. Bf4 Ne7 13. Rc1 Qb6 14. Be3 Nd5 15.
Nxd5 cxd5 16. Ng5 f5 17. exf6 Nxf6 18. Nxh7 Bd6 19. h3 Ke7 20. Ng5 Raf8 21. Nf3
Ng8 22. Ne5 Bxe5 23. dxe5 d4 24. Bxd4 Qxd4 25. Rc7+ Kd8 26. Rxb7 Ne7 27. Be4
Qxd1 28. Rxd1+ Ke8 29. Rdd7 Nf5 30. g4 Rxh3 31. gxf5 Rh4 32. Bc6 Rg4+ 33. Kf1
1-0

[Event "V Open Natale Vomero"]
[Site "Napoli ITA"]
[Date "2009.12.03"]
[Round "5"]
[White "Rosato, Luciano"]
[Black "Solombrino, Giovanni"]
[Result "1-0"]
[WhiteElo "2275"]
[BlackElo "1915"]
[PlyCount "69"]
[EventDate "2009.11.05"]

1. d4 Nf6 2. c4 g6 3. Nc3 d5 4. cxd5 Nxd5 5. e4 Nxc3 6. bxc3 Bg7 7. Be3 c5 8.
Nf3 Nc6 9. Rc1 cxd4 10. cxd4 O-O 11. d5 Ne5 12. Nxe5 Bxe5 13. f4 Bb2 14. Rc2
Ba3 15. Bc4 b5 16. Bb3 a5 17. Rf2 Bb4+ 18. Kf1 e6 19. Qd4 Qe7 20. h4 a4 21. Bd1
exd5 22. e5 Bf5 23. Rb2 Ba3 24. Rxb5 Rfb8 25. Rxb8+ Rxb8 26. h5 Rb1 27. hxg6
hxg6 28. Kf2 Rb2+ 29. Kg3 Be4 30. Bf3 Rb4 31. Qc5 Rc4 32. Qb6 Bxf3 33. gxf3 Bc5
34. Bxc5 Qxc5 35. Qd8+ 1-0

[Event "V Open Natale Vomero"]
[Site "Napoli ITA"]
[Date "2009.12.10"]
[Round "6"]
[White "Caiazzo, Diego"]
[Black "Morace, Vitaliano"]
[Result "0-1"]
[WhiteElo "1874"]
[BlackElo "1592"]
[PlyCount "52"]
[EventDate "2009.11.05"]

1. d4 Nf6 2. Nf3 e6 3. Bg5 h6 4. Bh4 Be7 5. e3 b6 6. Be2 Bb7 7. O-O O-O 8. c4
c5 9. Nc3 cxd4 10. exd4 d5 11. cxd5 Nxd5 12. Bxe7 Qxe7 13. Nxd5 Bxd5 14. a3 Nc6
15. Rc1 Rfd8 16. Ne5 Nxe5 17. dxe5 Bxg2 18. Qb3 Qg5 19. Qg3 Qxg3 20. hxg3 Bxf1
21. Bxf1 Rd2 22. b4 Rad8 23. Rc7 R8d7 24. Rc8+ Kh7 25. Bb5 R7d5 26. Be8 Rxe5
0-1

[Event "V Open Natale Vomero"]
[Site "Napoli ITA"]
[Date "2009.12.10"]
[Round "6"]
[White "De Meo, Guido"]
[Black "Esposito, Pino"]
[Result "0-1"]
[WhiteElo "1911"]
[BlackElo "1815"]
[PlyCount "142"]
[EventDate "2009.11.05"]

1. d4 d5 2. c4 e6 3. g3 Nf6 4. Bg2 Nbd7 5. Nc3 c6 6. cxd5 exd5 7. Nf3 Bd6 8.
O-O O-O 9. a3 a5 10. Bg5 h6 11. Bd2 Re8 12. Rc1 Nb6 13. Qc2 Bg4 14. Rfe1 Ne4
15. h3 Bf5 16. Nxe4 dxe4 17. Ne5 Bxe5 18. e3 Bd6 19. Qb3 Be6 20. Qd1 f5 21. Bc3
Qg5 22. h4 Qe7 23. Bf1 g5 24. h5 Nd5 25. Bd2 Qf7 26. Rc2 Rf8 27. Bc1 Nf6 28.
Rc3 Nxh5 29. Be2 Nf6 30. Kg2 Kg7 31. Rh1 Qg6 32. Kf1 Nd5 33. Rc2 Qf6 34. Rg1 g4
35. Qe1 h5 36. Rh1 Qf7 37. Bd2 Bc7 38. Bc4 Rh8 39. Qc1 Ne7 40. Bxe6 Qxe6 41.
Bc3 Nd5 42. Bd2 Bd8 43. Ke2 h4 44. gxh4 Rxh4 45. Rxh4 Bxh4 46. Rc5 Qd6 47. Qh1
Qh6 48. Qh2 Be7 49. Qxh6+ Kxh6 50. Rc1 Kg7 51. Rg1 Bd6 52. Rh1 Bc7 53. Rh5 Kg6
54. Rh1 Nf6 55. Bc3 Nd5 56. Bd2 a4 57. Be1 Ba5 58. Bd2 Nb6 59. Bc1 Nc4 60. Kf1
Bd2 61. Bxd2 Nxd2+ 62. Ke2 Nc4 63. Rb1 Ra6 64. Kd1 Rb6 65. Kc2 Rb3 66. Kc1 f4
67. exf4 Kf5 68. Kc2 Kxf4 69. Rd1 e3 70. Rf1 e2 71. Re1 Kf3 0-1

[Event "V Open Natale Vomero"]
[Site "Napoli ITA"]
[Date "2009.12.10"]
[Round "6"]
[White "De Rosa, Francesco"]
[Black "Di Meo, Antonio"]
[Result "1-0"]
[WhiteElo "1973"]
[BlackElo "1700"]
[PlyCount "83"]
[EventDate "2009.11.05"]

1. e4 c6 2. d4 d5 3. Nc3 dxe4 4. Nxe4 Bf5 5. Nc5 b6 6. Nb3 Nf6 7. Nf3 Nbd7 8.
Bd3 Bxd3 9. Qxd3 e6 10. Bg5 Be7 11. O-O O-O 12. c4 Rc8 13. Rac1 Re8 14. Rfd1
Nf8 15. Ne5 Qc7 16. Qf3 c5 17. Bxf6 Bxf6 18. Ng4 Bxd4 19. Nxd4 cxd4 20. Rxd4
Red8 21. Qe3 Rxd4 22. Qxd4 Rd8 23. Qc3 Qd6 24. Ne3 Qd2 25. Kf1 Ng6 26. Rd1
Qxd1+ 27. Nxd1 Rxd1+ 28. Ke2 Rd7 29. g3 Kf8 30. b4 f6 31. c5 bxc5 32. Qxc5+ Ne7
33. a4 Kf7 34. Qh5+ Ng6 35. Qb5 Ke7 36. f4 h6 37. Qc5+ Kf7 38. Qc6 Nf8 39. b5
Ke7 40. a5 Rd6 41. Qc5 Nd7 42. Qxa7 1-0

[Event "V Open Natale Vomero"]
[Site "Napoli ITA"]
[Date "2009.12.10"]
[Round "6"]
[White "De Rosa, Mariagrazia"]
[Black "Rosato, Luciano"]
[Result "0-1"]
[WhiteElo "2082"]
[BlackElo "2275"]
[PlyCount "75"]
[EventDate "2009.11.05"]

1. e4 d6 2. d4 g6 3. Nc3 Bg7 4. Be3 a6 5. a4 b6 6. Nf3 Bb7 7. Bd3 Nd7 8. Qd2 c5
9. d5 Ngf6 10. h3 O-O 11. O-O Qc7 12. Rfe1 Ne5 13. Nxe5 dxe5 14. f4 Nh5 15. f5
Rad8 16. Qf2 Nf4 17. a5 gxf5 18. axb6 Qxb6 19. Na4 Qg6 20. Bxf4 exf4 21. c3
fxe4 22. Bxe4 Qg5 23. Nxc5 Bxd5 24. Rxa6 Bxe4 25. Nxe4 Qb5 26. Rb6 Qa5 27. Rb7
e5 28. Qh4 Qa6 29. Re7 Qg6 30. Qf2 f5 31. Nc5 Qd6 32. Ra7 e4 33. Nb7 e3 34. Qf3
Qd2 35. Raa1 Rb8 36. Qxf4 Rxb7 37. Rxe3 Rxb2 38. Rg3 0-1

[Event "V Open Natale Vomero"]
[Site "Napoli ITA"]
[Date "2009.12.10"]
[Round "6"]
[White "Franco, Vincenzo"]
[Black "Esposito, Rosario"]
[Result "1/2-1/2"]
[WhiteElo "1835"]
[BlackElo "1858"]
[PlyCount "53"]
[EventDate "2009.11.05"]

1. e4 c5 2. c3 d5 3. exd5 Qxd5 4. d4 Nf6 5. Nf3 Bg4 6. Nbd2 cxd4 7. Bc4 Qh5 8.
Qb3 b6 9. cxd4 Nbd7 10. h3 Bxf3 11. Nxf3 e6 12. O-O Be7 13. Re1 Nd5 14. Re5
Nxe5 15. Bxd5 exd5 16. Nxe5 O-O 17. Be3 Bd6 18. Qxd5 Bxe5 19. dxe5 Rad8 20. Qe4
Rfe8 21. Bd4 Rd7 22. Qc6 Red8 23. Bc3 Qf5 24. Qa4 h6 25. Re1 Qe6 26. a3 Rd3 27.
Qxa7 1/2-1/2

[Event "V Open Natale Vomero"]
[Site "Napoli ITA"]
[Date "2009.12.10"]
[Round "6"]
[White "Guardascione, Federico G."]
[Black "Improta, Giovanni"]
[Result "1-0"]
[WhiteElo "1470"]
[BlackElo "1868"]
[PlyCount "65"]
[EventDate "2009.11.05"]

1. e4 Nf6 2. d3 e5 3. Nf3 Nc6 4. Be2 Bc5 5. O-O O-O 6. Nbd2 d6 7. c3 a6 8. Qc2
Ng4 9. Nc4 f5 10. h3 Nf6 11. Be3 f4 12. Bxc5 dxc5 13. Ncxe5 Nxe5 14. Nxe5 Qe7
15. Nf3 h6 16. Rfe1 g5 17. e5 Nd5 18. d4 cxd4 19. cxd4 Bf5 20. Bd3 Nb4 21. Qb3+
Be6 22. Bc4 Bxc4 23. Qxc4+ Kg7 24. a3 Nc6 25. Rad1 Na5 26. Qc3 b6 27. d5 Qc5
28. Qd2 Nc4 29. Qc3 Rad8 30. e6+ Rf6 31. e7 Re8 32. Re6 Qxe7 33. Rxe7+ 1-0

[Event "V Open Natale Vomero"]
[Site "Napoli ITA"]
[Date "2009.12.10"]
[Round "6"]
[White "Messina, Enrico"]
[Black "Longobardi, Giuseppe"]
[Result "1-0"]
[WhiteElo "2119"]
[BlackElo "1985"]
[PlyCount "37"]
[EventDate "2009.11.05"]

1. e4 e5 2. d4 exd4 3. Qxd4 Nc6 4. Qe3 b6 5. Nc3 Nb4 6. Qd2 Bb7 7. a3 Nc6 8.
Bc4 Qe7 9. Nf3 Nf6 10. O-O Ne5 11. Ba2 Nxf3+ 12. gxf3 d6 13. Qd4 g6 14. Nd5
Bxd5 15. Bxd5 O-O-O 16. Bc6 Nd7 17. Bxd7+ Kxd7 18. Qxh8 f6 19. Qg8 1-0

[Event "V Open Natale Vomero"]
[Site "Napoli ITA"]
[Date "2009.12.10"]
[Round "6"]
[White "Pinto, Gaetano"]
[Black "Accardo, Francesco"]
[Result "1-0"]
[WhiteElo "2049"]
[BlackElo "1869"]
[PlyCount "57"]
[EventDate "2009.11.05"]

1. e4 c5 2. c3 e6 3. d4 a6 4. Nf3 b5 5. a4 b4 6. Bd3 d6 7. Qe2 Nd7 8. cxb4 cxb4
9. Nbd2 g5 10. Nc4 g4 11. Nfd2 a5 12. Nb3 h5 13. Bf4 Nb8 14. O-O Be7 15. Rfc1
h4 16. Nxd6+ Bxd6 17. Bxd6 Ne7 18. Bc7 Qd7 19. Bb5 Nbc6 20. Bxa5 g3 21. Bxb4
gxf2+ 22. Kh1 h3 23. g3 Bb7 24. d5 Nxd5 25. Nc5 Ndxb4 26. Nxd7 Kxd7 27. Qxf2 f5
28. Qd4+ Ke7 29. Qg7+ 1-0

[Event "V Open Natale Vomero"]
[Site "Napoli ITA"]
[Date "2009.12.10"]
[Round "6"]
[White "Seletsky, Grigory"]
[Black "Borrelli, Salvatore"]
[Result "1-0"]
[WhiteElo "2345"]
[BlackElo "1945"]
[PlyCount "136"]
[EventDate "2009.11.05"]

1. e4 e5 2. Nf3 Nc6 3. Bc4 Bc5 4. c3 Nf6 5. d3 a6 6. Bb3 d6 7. h3 h6 8. O-O O-O
9. Re1 Be6 10. Bc2 Ba7 11. d4 exd4 12. cxd4 d5 13. e5 Ne4 14. Nc3 f5 15. exf6
Qxf6 16. Nxe4 dxe4 17. Rxe4 Bd5 18. Bb3 Qf7 19. Be3 Bxb3 20. Qxb3 Qxb3 21. axb3
Rae8 22. Rxe8 Rxe8 23. d5 Bxe3 24. dxc6 Ba7 25. cxb7 Rb8 26. Rxa6 Rxb7 27. Rc6
Bb6 28. h4 Rb8 29. g3 Rf8 30. Kg2 Rf5 31. g4 Rb5 32. Rc3 Rb4 33. Kg3 Re4 34.
Rd3 Bc5 35. h5 Re2 36. Nd2 Bb4 37. Nc4 Be1 38. Rf3 Bd2 39. Kg2 Bg5 40. Kf1 Re4
41. Rg3 Bh4 42. Rg1 Rf4 43. Rg2 Re4 44. Nd2 Rd4 45. Ke2 Bg5 46. Nc4 Kf8 47. Rg1
Ke7 48. f3 Rd5 49. Rd1 Rb5 50. Rd3 Bf6 51. Kd2 Kf7 52. Kc2 Ke8 53. Rd1 Rb8 54.
Rd5 Ra8 55. b4 Ra1 56. Rd1 Ra6 57. b5 Re6 58. Rd3 Ke7 59. b3 Re2+ 60. Kd1 Re6
61. Rd5 Bh4 62. Kd2 Be1+ 63. Kd3 Bb4 64. Re5 Rxe5 65. Nxe5 Kd6 66. Kc4 Ba5 67.
Nd3 Ke6 68. Kd4 Kd6 1-0

[Event "V Open Natale Vomero"]
[Site "Napoli ITA"]
[Date "2009.12.10"]
[Round "6"]
[White "Solombrino, Giovanni"]
[Black "Angelotti, Mario"]
[Result "1-0"]
[WhiteElo "1915"]
[BlackElo "1428"]
[PlyCount "85"]
[EventDate "2009.11.05"]

1. e4 d6 2. d4 Nf6 3. Bd3 Nc6 4. c3 e5 5. Ne2 g6 6. O-O Bg7 7. Bg5 h6 8. Bh4 g5
9. Bg3 Nh5 10. Na3 a6 11. Nc4 Nxg3 12. Nxg3 exd4 13. Nh5 Rg8 14. Nxg7+ Rxg7 15.
cxd4 Nxd4 16. e5 Be6 17. exd6 Bxc4 18. Bxc4 Qxd6 19. Re1+ Ne6 20. Qh5 O-O-O 21.
Qxh6 Rg6 22. Bxe6+ Rxe6 23. Qxg5 Rde8 24. Qf5 Kb8 25. Rxe6 fxe6 26. Qg6 Rd8 27.
Re1 Qd2 28. Qxe6 Qxb2 29. h4 Rd2 30. Qe3 Qxa2 31. h5 Qc2 32. h6 Rd1 33. Rxd1
Qxd1+ 34. Kh2 Qh5+ 35. Qh3 Qe5+ 36. g3 Qf6 37. Kg1 Qa1+ 38. Kg2 Qh8 39. h7 b5
40. Qh5 b4 41. Qg6 Ka7 42. Qg8 Qc3 43. h8=Q 1-0

[Event "V Open Natale Vomero"]
[Site "Napoli ITA"]
[Date "2009.12.10"]
[Round "6"]
[White "Tomarchio, Lucio"]
[Black "Gallina, Giacomo"]
[Result "0-1"]
[WhiteElo "1428"]
[BlackElo "1810"]
[PlyCount "112"]
[EventDate "2009.11.05"]

1. d4 Nf6 2. Nf3 c6 3. c4 d6 4. Nc3 Bf5 5. e3 e6 6. Be2 Nbd7 7. h3 Qc7 8. Nh4
Be4 9. Nxe4 Nxe4 10. O-O Be7 11. Qc2 d5 12. Nf3 Bd6 13. c5 Be7 14. Nd2 f5 15.
a4 Ndf6 16. b4 e5 17. dxe5 Nxd2 18. Qxd2 Qxe5 19. Bb2 Qe6 20. Qc3 g5 21. Bh5+
Kd7 22. Be2 Ne4 23. Qxh8 Rxh8 24. Bxh8 Qf7 25. Be5 h5 26. f3 Nf6 27. Bb8 a6 28.
Ba7 Qe6 29. Ra3 Qe5 30. Rb3 g4 31. b5 gxh3 32. bxc6+ bxc6 33. Bxa6 Qg3 34. Rb2
Nh7 35. Bb8 Qg7 36. Rfb1 Qc3 37. Bf4 Qxc5 38. gxh3 Ke6 39. Bc8+ Kf6 40. h4 d4
41. Rb3 Kf7 42. Rd3 Qc2 43. Rbd1 Bxh4 44. R3d2 Qc5 45. exd4 Qd5 46. Rf1 Nf8 47.
Kh2 Ng6 48. Be3 Qd6+ 49. f4 Qd5 50. Rb2 Qc4 51. Rb7+ Ne7 52. Ra1 Qe2+ 53. Kh3
Qg4+ 54. Kh2 Qg3+ 55. Kh1 Qxe3 56. Bxf5 Bg3 0-1

[Event "V Open Natale Vomero"]
[Site "Napoli ITA"]
[Date "2009.12.10"]
[Round "6"]
[White "Vannini, Aldo"]
[Black "Lerro, Luca"]
[Result "0-1"]
[WhiteElo "1828"]
[BlackElo "1431"]
[PlyCount "62"]
[EventDate "2009.11.05"]

1. d4 Nf6 2. Nf3 d5 3. e3 c6 4. Bd3 Bg4 5. Nbd2 e6 6. c4 dxc4 7. Bxc4 b5 8. Be2
Bd6 9. O-O Qc7 10. h3 Bf5 11. a3 Nbd7 12. Re1 O-O 13. Nh4 Be4 14. Nxe4 Nxe4 15.
Nf3 Ndf6 16. Qc2 Nxf2 17. Kxf2 Bg3+ 18. Kg1 Bxe1 19. Nxe1 Rac8 20. b4 e5 21.
Bb2 e4 22. Qc5 Nd5 23. Kf2 f5 24. g3 f4 25. gxf4 Nxf4 26. exf4 Qxf4+ 27. Nf3
exf3 28. Qe5 Qh4+ 29. Qg3 fxe2+ 30. Kg2 Qe4+ 31. Kh2 Rf1 0-1

[Event "V Open Natale Vomero"]
[Site "Napoli ITA"]
[Date "2009.12.10"]
[Round "6"]
[White "Zinnai, Graziano Matteo"]
[Black "Capaldo, Salvatore"]
[Result "1-0"]
[WhiteElo "1620"]
[BlackElo "1696"]
[PlyCount "107"]
[EventDate "2009.11.05"]

1. e4 e5 2. Nf3 Nc6 3. d3 d6 4. Be2 Nf6 5. O-O h6 6. c3 Bd7 7. b4 a6 8. Nbd2 b6
9. Bb2 Be7 10. Qc2 Qc8 11. a3 Qb7 12. d4 exd4 13. cxd4 O-O 14. Rac1 Rac8 15. d5
Na7 16. Nd4 c5 17. bxc5 Rxc5 18. Qd3 Rxc1 19. Rxc1 b5 20. N2b3 Bd8 21. f3 a5
22. Qd2 b4 23. axb4 axb4 24. Rc4 Nxd5 25. exd5 Qxd5 26. Qxb4 Nc6 27. Nxc6 Bxc6
28. Rd4 Qe5 29. Rd2 Qe3+ 30. Kh1 Be7 31. Qc3 Qg5 32. Qxc6 Rb8 33. Bc4 Rxb3 34.
Qe8+ Kh7 35. Bd3+ Rxd3 36. Rxd3 Bf6 37. Qe4+ g6 38. Qe2 Be5 39. Bxe5 dxe5 40.
g3 h5 41. Rd5 Qc1+ 42. Kg2 f6 43. Rd7+ Kh6 44. Qd2+ Qxd2+ 45. Rxd2 Kg5 46. h4+
Kf5 47. Kh3 g5 48. g4+ hxg4+ 49. fxg4+ Kf4 50. h5 e4 51. h6 e3 52. Re2 Kf3 53.
Rxe3+ Kxe3 54. h7 1-0